Theory and problems in circuit analysis (Record no. 11689)

MARC details
000 -LEADER
fixed length control field 00459nam a2200205Ia 4500
001 - CONTROL NUMBER
control field 109919
003 - CONTROL NUMBER IDENTIFIER
control field YMCAF
005 - DATE AND TIME OF LATEST TRANSACTION
control field 20230512162406.0
008 - FIXED-LENGTH DATA ELEMENTS--GENERAL INFORMATION
fixed length control field 100717s2002 ||||||||||||||||| ||und|d
024 ## - OTHER STANDARD IDENTIFIER
Standard number or code 109919
035 ## - SYSTEM CONTROL NUMBER
System control number WB906
040 ## - CATALOGING SOURCE
Original cataloging agency YMCAF
Language of cataloging eng
Transcribing agency IN-KoLT
041 ## - LANGUAGE CODE
Language code of text/sound track or separate title eng
082 ## - DEWEY DECIMAL CLASSIFICATION NUMBER
Classification number 621.319
Item number 2 TYE
100 ## - MAIN ENTRY--PERSONAL NAME
Personal name Tyer, TSKV
245 #0 - TITLE STATEMENT
Title Theory and problems in circuit analysis
260 ## - PUBLICATION, DISTRIBUTION, ETC.
Name of publisher, distributor, etc. TMH
Date of publication, distribution, etc. 2002
300 ## - PHYSICAL DESCRIPTION
Extent 672
942 ## - ADDED ENTRY ELEMENTS (KOHA)
Source of classification or shelving scheme Dewey Decimal Classification
Koha item type Books
Holdings
Withdrawn status Lost status Damaged status Not for loan Home library Current library Date acquired Cost, normal purchase price Total Checkouts Total Renewals Barcode Date last seen Date last checked out Cost, replacement price Price effective from Koha item type Public note G
        JC Bose University of Science & Technology JC Bose University of Science & Technology 17/07/2010 275.00 1 1 WB906 07/12/2023 09/11/2023 275.00 12/05/2023 Books C 601343